|
|
|
|
| LEADER |
01359ppm a22003138a 4500 |
| 001 |
00031225 |
| 005 |
20171026081025.0 |
| 008 |
131010s2009 ||||||viesd |
| 041 |
0 |
# |
|a vie
|
| 082 |
1 |
4 |
|b R203TR
|a 540.76
|
| 100 |
1 |
# |
|a Lê, Như Nguyện
|
| 245 |
0 |
0 |
|a Rèn trí thông minh cho học sinh thông qua việc giải bài tập trong dạy học hóa học ở trường Trung học phổ thông
|b Luận văn Thạc sĩ Giáo dục học. Chuyên ngành: Lí luận và phương pháp dạy học hóa học. Mã số: 60.44.10
|c Lê Như Nguyện; Nguyễn Xuân Trường (hướng dẫn)
|
| 260 |
# |
# |
|a Vinh
|b Đại học Vinh
|c 2009
|
| 300 |
# |
# |
|a 121 tr.+ phụ lục
|c 30cm.
|e bản tóm tắt
|
| 500 |
# |
# |
|a ĐTTTS ghi: Bộ giáo dục và đào tạo. Trường Đại học Vinh
|
| 653 |
# |
# |
|a Dạy học hóa
|
| 653 |
# |
# |
|a Giải bài tập
|
| 653 |
# |
# |
|a Trí thông minh
|
| 653 |
# |
# |
|a Trung học phổ thông
|
| 653 |
# |
# |
|a Rèn luyện
|
| 653 |
# |
# |
|a Luận văn
|
| 700 |
1 |
|
|a Nguyễn, Xuân Trường
|e Hướng dẫn
|
| 852 |
# |
# |
|j LV.0000485
|
| 852 |
# |
# |
|b Kho đọc SĐH
|j LV.0000485
|
| 910 |
|
|
|d 10/10/2013
|
| 980 |
# |
# |
|a Trung tâm Học liệu Lê Vũ Hùng, Trường Đại học Đồng Tháp
|